| 000 | 00885nam a2200241 a 4500 | ||
|---|---|---|---|
| 001 | 72183 | ||
| 003 | BD-RjUL | ||
| 005 | 20211209082224.0 | ||
| 008 | 170514s1983 bg a|||| |||| 000 0 ben d | ||
| 020 | _c: Tk. 20.00 | ||
| 035 | _a(BD-RjUL)72399 | ||
| 040 |
_aBD-RjUL _bben _cBD-RjUL _dBD-RjUL |
||
| 041 | _aben | ||
| 082 |
_223 _a538 _bKHC 1983 |
||
| 100 | 1 |
_aখন্দকার, মুহাম্মাদ আবুল আব্বাছ _9213465 |
|
| 245 | 1 | 0 |
_aচুম্বকের গল্প / _cমুহাম্মাদ আবুল আব্বাছ খন্দকার |
| 250 | _a১ম সং. | ||
| 260 |
_aঢাকা : _bবাংলা একাডেমী, _c১৯৮৩ [১৩৮৯] |
||
| 300 |
_a৭৬ পৃ. : _bচিত্র. ; _c২৬ সেমি. |
||
| 650 |
_aচুম্বক _9213466 |
||
| 650 |
_aMagnet _9213467 |
||
| 942 |
_2ddc _cBK |
||
| 999 |
_c72183 _d72183 |
||